MOVIMIENTO PATRIOTICO MAURICE BISHOP
Guardado en:
| Format: | Texto |
|---|---|
| Fag: | |
| Tags: |
Tilføj Tag
Ingen Tags, Vær først til at tagge denne postø!
|
MARC
| LEADER | 00000 a a2200000 04500 | ||
|---|---|---|---|
| 001 | 45446 | ||
| 003 | |||
| 040 | |||
| 245 | |a MOVIMIENTO PATRIOTICO MAURICE BISHOP | ||
| 500 | |a Antes se llamaba: ALAI SERVICIO MENSUAL DE INFORMACION Y DOCUMENTACION | ||
| 650 | |a POLITICA | ||
| 650 | |a GOBIERNO | ||
| 650 | |a MOVIMIENTOS SOCIALES | ||
| 773 | |g volumen11, número93 (Julio , 1987) | ||
| 999 | |c 37054 |d 37054 | ||
